<?xml version="1.0" encoding="UTF-8"?>
<record
    xmlns:xsi="http://www.w3.org/2001/XMLSchema-instance"
    xsi:schemaLocation="http://www.loc.gov/MARC21/slim http://www.loc.gov/standards/marcxml/schema/MARC21slim.xsd"
    xmlns="http://www.loc.gov/MARC21/slim">

  <leader>00878nam a2200193Ia 4500</leader>
  <controlfield tag="008">151121s9999||||xx |||||||||||||| ||und||</controlfield>
  <datafield tag="082" ind1=" " ind2=" ">
    <subfield code="a">813-/&#x917;&#x94B;&#x930;&#x947;</subfield>
  </datafield>
  <datafield tag="082" ind1=" " ind2=" ">
    <subfield code="b">HNW-115180</subfield>
  </datafield>
  <datafield tag="100" ind1=" " ind2=" ">
    <subfield code="a">&#x917;&#x94B;&#x930;&#x947; &#x92D;&#x93E;&#x964; &#x92E;&#x964;</subfield>
  </datafield>
  <datafield tag="245" ind1=" " ind2=" ">
    <subfield code="a">&#x930;&#x949;&#x92C;&#x93F;&#x928; &#x939;&#x942;&#x921; &#x906;&#x923;&#x93F; &#x924;&#x94D;&#x92F;&#x93E;&#x91A;&#x947; &#x930;&#x902;&#x917;&#x947;&#x932; &#x938;&#x94B;&#x92C;&#x924;&#x940; /&#x930;&#x949;&#x92C;&#x93F;&#x928;&#x94D;&#x938;&#x928; &#x915;&#x94D;&#x930;&#x941;&#x938;&#x94B;</subfield>
  </datafield>
  <datafield tag="260" ind1=" " ind2=" ">
    <subfield code="b">"&#x915;&#x928;&#x915; &#x92C;&#x941;&#x915;&#x94D;&#x938;, &#x92A;&#x941;&#x923;&#x947;&#x964;"</subfield>
  </datafield>
  <datafield tag="260" ind1=" " ind2=" ">
    <subfield code="c">2012</subfield>
  </datafield>
  <datafield tag="300" ind1=" " ind2=" ">
    <subfield code="a">140</subfield>
  </datafield>
  <datafield tag="600" ind1=" " ind2=" ">
    <subfield code="a">&#x917;&#x94B;&#x930;&#x947; &#x92D;&#x93E;&#x964; &#x92E;&#x964;</subfield>
  </datafield>
  <datafield tag="630" ind1=" " ind2=" ">
    <subfield code="a">&#x930;&#x949;&#x92C;&#x93F;&#x928; &#x939;&#x942;&#x921; &#x906;&#x923;&#x93F; &#x924;&#x94D;&#x92F;&#x93E;&#x91A;&#x947; &#x930;&#x902;&#x917;&#x947;&#x932; &#x938;&#x94B;&#x92C;&#x924;&#x940; /&#x930;&#x949;&#x92C;&#x93F;&#x928;&#x94D;&#x938;&#x928; &#x915;&#x94D;&#x930;&#x941;&#x938;&#x94B;</subfield>
  </datafield>
  <datafield tag="700" ind1=" " ind2=" ">
    <subfield code="a">&#x917;&#x94B;&#x930;&#x947; &#x92D;&#x93E;&#x964; &#x92E;&#x964;</subfield>
  </datafield>
  <datafield tag="730" ind1=" " ind2=" ">
    <subfield code="a">&#x930;&#x949;&#x92C;&#x93F;&#x928; &#x939;&#x942;&#x921; &#x906;&#x923;&#x93F; &#x924;&#x94D;&#x92F;&#x93E;&#x91A;&#x947; &#x930;&#x902;&#x917;&#x947;&#x932; &#x938;&#x94B;&#x92C;&#x924;&#x940; /&#x930;&#x949;&#x92C;&#x93F;&#x928;&#x94D;&#x938;&#x928; &#x915;&#x94D;&#x930;&#x941;&#x938;&#x94B;</subfield>
  </datafield>
  <datafield tag="942" ind1=" " ind2=" ">
    <subfield code="c">BOOK</subfield>
  </datafield>
  <datafield tag="999" ind1=" " ind2=" ">
    <subfield code="c">1263916</subfield>
    <subfield code="d">1263913</subfield>
  </datafield>
  <datafield tag="952" ind1=" " ind2=" ">
    <subfield code="0">0</subfield>
    <subfield code="1">0</subfield>
    <subfield code="4">0</subfield>
    <subfield code="7">0</subfield>
    <subfield code="a">HNW</subfield>
    <subfield code="b">HNW</subfield>
    <subfield code="d">2014-07-21</subfield>
    <subfield code="g">125.00</subfield>
    <subfield code="l">0</subfield>
    <subfield code="o">HNW-115180</subfield>
    <subfield code="p">HNW-115180</subfield>
    <subfield code="r">2015-11-21 00:00:00</subfield>
    <subfield code="v">125.00</subfield>
    <subfield code="w">2015-11-21</subfield>
    <subfield code="y">BOOK</subfield>
  </datafield>
</record>
